000 00533nam a2200181Ia 4500
005 20250326130608.0
008 250326s9999 xx 000 0 und d
037 _aTextbook
040 _aFMSL
_beng
_cFMSL
041 _aeng
_2eng
084 _aX0bdD658(2:55) P
_qFMSL
100 _aAmor Daniel
_9314067
245 0 _aVoilence against women and children
_cAmor Daniel; Choudhury J
260 _aN
_bN, D PEARSON EDUCATION
_c2000
300 _a636p
942 _cTB
_hX0bdD658(2:55) P
999 _c1283235
_d1283235